书目信息 |
| 书名: | Elementary Algebra | |
| 作者: | Larson,Roland E. | |
| 分册号: | ||
| 分册名: | 出版地: | Lexington : |
|
| 出版社: | Heath | |
| 出版时间: | 1993. | |
| 页数: | 792 p. ; | |
| 开本: | 26cm. | |
| 丛书名: | ||
| 中图分类号: | ||
| 科图分类号: | ||
| 其他分类号: | O122 | |
| 主题词: | ||
| 电子资源: | ||
| 000 | 00403nam 2200145 a 4500 | |
| 001 | E0458203506 | |
| 005 | 2004121616100284 | |
| 008 | 041216s1993 00010 eng | |
| 020 | @a0-669-36074-0 :@cCNY 12.00. | |
| 040 | @aPFT@beng | |
| 090 | @aO122 | |
| 099 | @dO122@eL334 | |
| 245 | @aElementary Algebra :@bConcepts and Models / @cLarson,Roland E. | |
| 260 | @aLexington :@bHeath,@c1993. | |
| 300 | @a792 p. ;@c26cm. | |
| Elementary Algebra : : Concepts and Models / / Larson,Roland E.-Lexington : : Heath, , 1993. |
| 792 p. ; ; 26cm. |
| ISBN 0-669-36074-0 :CNY 12.00. |
| ● |
| 相关链接 |
|
|
|
正题名:Elementary Algebra
索取号:O122/L334
 
预约/预借
| 序号 | 登录号 | 条形码 | 馆藏地/架位号 | 状态 | 备注 |
| 1 | 04643 | 300046439 | 自科库401/401自科库 105排9列1层/ [索取号:O122/L334] | 在馆 | |
| 2 | 04858 | 300048589 | 自科库401/401自科库 105排9列1层/ [索取号:O122/L334] | 在馆 | |
| 3 | 04859 | 300048598 | 自科库401/401自科库 105排9列1层/ [索取号:O122/L334] | 在馆 | |
| 4 | 05004 | 300050049 | 自科库401/401自科库 105排9列1层/ [索取号:O122/L334] | 在馆 |